1891 1118 1867 1761 1531 1390 1436 1227 1952 1450 1373 1360 1233 1256 1500 1067 1097 1834 1659 1586 1899 1984 1811 1321 1646 1931 1748 1009 1656 1901 1423 1545 1154 1484 1973 1003 1046 1204 1197 1620 1296 1863 1842 1024 1139 1652 1894 1082 1576 1861 1636 1419 1851 1540 1149 1891 1711 1489 1626 1049 1439 1327 1900 1379 1976 1023 1103 1293 1065 1001 1994 1659 1647 1256 1662 1038 1007 1433 1775 1381 1051 1361 1846 1109 1488 1125 1003 1185 1933 1924 1746 1695 1326 1660 1940 1851 1445 1146 1867 BCNSPRNW ULIB Ver.6.0+V

เปลี่ยนเป็นภาษาไทย

Change to English
 แสดงรายละเอียดบรรณานุกรม
  กลับหน้าหลัก

Brief Record : Get Marc (ISO 2709) : E-mail record : QR code < ปิดหน้าต่าง
LEADER : 00000nam 2200000uu 4500
001    13399124452
003     ULIB
008    150723s2557||||th 000 0 tha d
020    ^a9786169153450
060  4 ^aWX218^bพ872
245 00 ^aCritical care medicine :^bThe smart ICU /^cบรรณาธิการ ดุสิต สถาวร
246 0  ^aThe smart ICU
250    ^aพิมพ์ครั้งที่ 1
260    ^aกรุงเทพฯ :^bสมาคมเวชบำบัดวิกฤตแห่งประเทศไทย,^c2557
300    ^aviii, 676 หน้า :^bภาพประกอบ
650  7 ^aการดูแลขั้นวิกฤต
650  7 ^aผู้ป่วยหนัก^xการรักษา
650  7 ^aผู้ป่วยหนัก^xการพยาบาล
650  7 ^aผู้ป่วยหนัก, การดูแล
650  7 ^aผู้ป่วยหนัก^xภาวะแทรกซ้อน^xการรักษา
694    ^aHealth sciences branch
700 0  ^aดุสิต สถาวร,^eบรรณาธิการ
710 2  ^aสมาคมเวชบำบัดวิกฤตแห่งประเทศไทย
945    ^p660^l0^i039683
945    ^p660^l0^i039684
945    ^p660^l0^i039685
945    ^p660^l0^i039686
945    ^p660^l0^i000775
945    ^p660^l0^i000776
945    ^p660^l0^i000777
999    ^aเกษร โพธิ์สุวรรณ
รายการนี้ยังไม่มีแท็ก
คุณยังไม่ได้ล็อกอิน คุณสามารถมีกิจกรรมร่วมกับเว็บไซต์ได้ แต่ต้องล็อกอินก่อน ::
  ล็อกอิน

รายการสื่อสารสนเทศ

ลำดับที่ ประเภท เลขเรียก/บาร์โค้ด สถานที่ สถานะ
1. วิทยาศาสตร์การแพทย์ และสุขภาพ
วิทยาศาสตร์การแพทย์ และสุขภาพ
สถานะ=หนังสือเก่า
WX218 พ872 ฉ.1 
  Barcode: 039683
ห้องสมุดวิทยาเขตสวรรค์ประชารักษ์
►ส่วนจัดเก็บหนังสือเก่า สปร
บนชั้น
  ขอยืม
2. วิทยาศาสตร์การแพทย์ และสุขภาพ
วิทยาศาสตร์การแพทย์ และสุขภาพ
สถานะ=หนังสือเก่า
WX218 พ872 ฉ.2 
  Barcode: 039684
ห้องสมุดวิทยาเขตสวรรค์ประชารักษ์
►ส่วนจัดเก็บหนังสือเก่า สปร
บนชั้น
  ขอยืม
3. วิทยาศาสตร์การแพทย์ และสุขภาพ
วิทยาศาสตร์การแพทย์ และสุขภาพ
สถานะ=หนังสือเก่า
WX218 พ872 ฉ.3 
  Barcode: 039685
ห้องสมุดวิทยาเขตสวรรค์ประชารักษ์
►ส่วนจัดเก็บหนังสือเก่า สปร
บนชั้น
  ขอยืม
4. วิทยาศาสตร์การแพทย์ และสุขภาพ
วิทยาศาสตร์การแพทย์ และสุขภาพ
สถานะ=หนังสือเก่า
WX218 พ872 ฉ.4 
  Barcode: 039686
ห้องสมุดวิทยาเขตสวรรค์ประชารักษ์
►ส่วนจัดเก็บหนังสือเก่า สปร
บนชั้น
  ขอยืม
5. Book การพยาบาล
Book การพยาบาล
สถานะ=หนังสือเก่า
WX218 พ872 ฉ.5 
  Barcode: 000775
ห้องสมุดวิทยาเขตสวรรค์ประชารักษ์
►ส่วนจัดเก็บหนังสือเก่า สปร
บนชั้น
  ขอยืม
6. Book การพยาบาล
Book การพยาบาล
สถานะ=หนังสือเก่า
WX218 พ872 ฉ.6 
  Barcode: 000776
ห้องสมุดวิทยาเขตสวรรค์ประชารักษ์
►ส่วนจัดเก็บหนังสือเก่า สปร
บนชั้น
  ขอยืม
7. Book การพยาบาล
Book การพยาบาล
สถานะ=หนังสือเก่า
WX218 พ872 ฉ.7 
  Barcode: 000777
ห้องสมุดวิทยาเขตสวรรค์ประชารักษ์
►ส่วนจัดเก็บหนังสือเก่า สปร
บนชั้น
  ขอยืม

รายการใกล้เคียง
    หัวเรื่อง [การดูแลขั้นวิกฤต]
    หัวเรื่อง [ผู้ป่วยหนัก, การดูแล]

BibComment


ยังไม่เคยถูกคอมเมนท์

คอมเมนท์ทรัพยากรรายการนี้
  คอมเมนท์: Critical care me..


 Copyright 2026. Bcnsprnw @Library